Normal view
MARC view
- Santiago T., Leocadio
Entry Nombre Personal
001 - NUMERO DE CONTROL
- campo de control: 49555
003 - IDENTIFICADOR DE NUMERO DE CONTROL
- campo de control: MX-MxUPN
005 - FECHA Y HORA DE LA ÜLTIMA TRANSACCIÓN
- campo de control: 20230707104841.0
008 - DATOS DE LONGITUD FIJA
- campo de control de longitud fija: 230707nn acnnnaabn a aaa d
040 ## - FUENTE DE CATALOGACIÓN
- Agencia original de catalogación: MX-MxUPN
- Lenguaje de catalogación: spa
100 1# - ENCABEZAMIENTO - NOMBRE PERSONAL
- Nombre personal: Santiago T., Leocadio
400 1# - VEÁSE - NOMBRE DE PERSONA
- Personal name: T., Leocadio Santiago
670 ## - FUENTE EN LA QUE SE LOCALIZARON DATOS
- Cita de la fuente: Alfabeto huasteco de Veracruz, 1997 :
- Información localizada: portada (Leocadio Santiago T.)
902 ## - CATALOGADOR
- Catalogador: VíctorGodínez/070723
